Videojuegos más vendidos 2005-2025 - Estadísticas

Estadísticas generales
  • Esta prueba ha sido intentada 186 veces
  • La puntuación promedio es 7 de 21
Estadísticas de respuestas
Año Videojuego % Correcto
2013 Grand Theft Auto V
87%
2011 Minecraft
66%
2024 Call of Duty: Modern Warfare 3 o Elden Ring: Shadow of the Erdtree
62%
2010 Call of Duty: Black Ops
55%
2019 Call of Duty: Modern Warfare
55%
2022 Call of Duty: Modern Warfare II
51%
2018 Red Dead Redemption 2
49%
2005 God of War
47%
2006 New Super Mario Bros.
44%
2014 Mario Kart 8/ Mario Kart 8 Deluxe
31%
2016 Overwatch
22%
2015 The Witcher 3: Wild Hunt
19%
2009 Wii Sports
16%
2007 Wii Sports
16%
2020 Animal Crossing: New Horizons
14%
2012 Halo 4
12%
2017 PUBG: Battlegrounds
5%
2025 Battlefield 6
3%
2023 Hogwarts Legacy
1%
2021 NBA 2K21
1%
2008 Wii Play
1%
No se encontraron pruebas coincidentes
Distribución de puntuación
Porcentaje de gente con cada puntuación
Porcentaje por número respondido
Historial de tus puntuaciones
No has intentado esta prueba.